Joueurs français passés par Arsenal - Statistiques

Statistiques générales
  • Ce quiz a été pris 1 158 fois
  • Le résultat moyen est 15 sur 30
Statistiques - réponses
Années Matchs Nom % Correct
1999-2007, 2012 376 Thierry Henry
99%
1996-2005 396 Patrick Vieira
88%
2000-2006 283 Robert Pirès
83%
2017-2022 206 Alexandre Lacazette
81%
2012-2018 253 Olivier Giroud
81%
2010-2019 353 Laurent Koscielny
78%
2019- 134 William Saliba
75%
2007-2014 284 Bacary Sagna
72%
2008-2011 126 Samir Nasri
70%
1997-2000 114 Emmanuel Petit
66%
2003-2011 264 Gaël Clichy
61%
1997-1999 87 Nicolas Anelka
55%
2006-2010 142 William Gallas
53%
2004-2008, 2013-2016 246 Mathieu Flamini
52%
2018-2020 82 Mattéo Guendouzi
52%
2006-2015 180 Abou Diaby
51%
2000-2004 175 Sylvain Wiltord
47%
2014-2016 30 Mathieu Debuchy
45%
2008-2018 160 Francis Coquelin
44%
2007-2008 12 Lassana Diarra
35%
2010-2013 39 Sébastien Squillaci
27%
2001-2005 49 Jérémie Aliadière
23%
2013-2016 20 Yaya Sanogo
20%
2008-2010 43 Mikaël Silvestre
18%
2002-2006 98 Pascal Cygan
18%
1996-1999 41 Rémi Garde
18%
2016-2018 8 Jeff Reine-Adélaïde
15%
1997-2002 163 Gilles Grimandi
13%
2003 0 Guillaume Warmuz
8%
1997-1998 4 David Grondin
5%
Aucun quiz correspondant
Distribution des résultats
% des personnes avec chaque résultat
Percentile par nombre de réponses
Votre historique - résultats
Vous n’avez pas pris ce quiz